ბათუმის შოთა რუსთაველის სახელმწიფო უნივერსიტეტის ბიბლიოთეკა

საშვილოსნოს ტანისა და სარძევე ჯირკვლის სიმსივნით დაავადებული ქალების ერითროციტული ჯგუფური ანტიგენური სისტემები (ABO; Rh-Hr; Kell; MN) და ზოგიერთი კლინიკო - პათოლოგიური მახასიათებლების ცვლილება აჭარის მოსახლეობის პოპულაციაში : დისერტაცია / (ბიბ.ჩანაწერი № 51776)

000 -ლიდერი
ფიქსირებული სიგრძის საკონტროლო ველი 02224nam a2200241Ia 4500
001 - საკონტროლო ნომერი
საკონტროლო ველი 18768
003 - საკონტროლო ნომრის იდენტიფიკატორი
საკონტროლო ველი GE_BSU
005 - ბოლო ოპერაციის თარიღი და დრო
საკონტროლო ველი 20220919164035.0
008 - ფიქსირებული სიგრძის მონაცემთა ელემენტები - ზოგადი ინფორმაცია
ფიქსირებული სიგრძის საკონტროლო ველი 181216s2013||||ge |||||||||||||| ||geo||
040 ## - კატალოგიზაციის წყარო
Transcribing agency GE_BSU
041 ## - ენის კოდი
Language code of text/sound track or separate title geo
080 ## - უნივერსალური ათობითი კლასიფიკაციის ინდექსი
Universal Decimal Classification number 61 ნ-21
100 ## - მთავარი ჩანაწერი - პიროვნების სახელი
Personal name ნაკაშიძე, ირინა
9 (RLIN) 11593
245 ## - ცნობა სათაურის შესახებ
Title საშვილოსნოს ტანისა და სარძევე ჯირკვლის სიმსივნით დაავადებული ქალების ერითროციტული ჯგუფური ანტიგენური სისტემები (ABO; Rh-Hr; Kell; MN) და ზოგიერთი კლინიკო - პათოლოგიური მახასიათებლების ცვლილება აჭარის მოსახლეობის პოპულაციაში : დისერტაცია /
Statement of responsibility, etc ირინა ნაკაშიძე; მეცნ. ხელმძღვ. ა. დიასამიძე, ნ. კოტრიკაძე; ბათუმის შოთა რუსთაველის სახ-ფო უნ-ტი
264 ## - წარმოების, გამოცემის, დისტრიბუციის და სხვა ცნობები
გამოცემის, წარმოების, დისტრიბუციის... ადგილი ბათუმი,
გამოცემის, წარმოების, დისტრიბუციის... თარიღი 2018
300 ## - ფიზიკური აღწერა
Extent 235 გვ.;
Other physical details 30 სმ.
653 ## - INDEX TERM--UNCONTROLLED
Uncontrolled term დისერტაცია
653 ## - INDEX TERM--UNCONTROLLED
Uncontrolled term მედიცინა
653 ## - INDEX TERM--UNCONTROLLED
Uncontrolled term საშვილოსნოს ტანისა და სარძევე ჯირყვლის სიმსივნით დაავადებული ქალების ერითროციტული ჯგუფური ანტიგენური სისტემები (ABO; Rh-Hr; Kell; MN) და ზოგიერთი კლინიკო-პათოლოგიური მახასიათებლების ცვლილება აჭარის მოსახლეობის პოპულაციაში
700 ## - ADDED ENTRY--PERSONAL NAME
Personal name დიასამიძე, ა.
Relator term სამეცნიერო ხელმძღვანელი
9 (RLIN) 1129
700 ## - ADDED ENTRY--PERSONAL NAME
Personal name კოტრიკაძე, ნ.
Relator term სამეცნიერო ხელმძღვანელი
9 (RLIN) 8331
942 ## - ADDED ENTRY ELEMENTS (KOHA)
Koha item type წიგნი
Source of classification or shelving scheme
ეგზემპლარები
ჩამოწერის სტატუსი დაკარგული ეგზემპლარის სტატუსი კლასიფიკაციის წყარო ან თაროზე გაწყობის სქემა დაზიანების სტატუსი არ გაიცემა მუდმივი მდებარეობა (დაცვის ადგილი) ამჟამინდელი ადგილსამყოფელი შეძენის თარიღი სრული შენახვის შიფრი შტრიხკოდი ბოლო ოპერაციის თარიღი ეგზემპლარის მიმდევრობითი ნომერი (კეტერი?) ფასის ძალაში შესვლის თარიღი ეგზემპლარის სახეობა
        შიდა ფონდი ბათუმის შოთა რუსთაველის სახელმწიფო უნივერსიტეტის მთავარი ბიბლიოთეკა ბათუმის შოთა რუსთაველის სახელმწიფო უნივერსიტეტის მთავარი ბიბლიოთეკა 2018-12-17 61 ნ-21 139 დისერტ. 2018-12-17 139 2018-12-17 დისერტაცია